| 000 | 00508nam a2200169 a 4500 | ||
|---|---|---|---|
| 001 | 000045237 | ||
| 005 | 20201002050007.0 | ||
| 008 | 150212s1988 dr 000 0 spa d | ||
| 040 |
_aDO-SdBNP _bspa _cBNPHU |
||
| 082 |
_axxxx _bxxxx |
||
| 245 | 0 | 0 |
_aCantemos al Señor. / _crecopilación Samia María Abkarian. |
| 250 | _a4a. ed. | ||
| 260 |
_aSanto Domingo : _bITESA, _c1988. |
||
| 300 |
_a166 p. ; _c21 cm. |
||
| 700 | 1 |
_aAbkarian, Samia María, _erec. _973259 |
|
| 710 | 1 |
_aInstituto Técnico Salesiano _917768 |
|
| 999 |
_c44726 _d44726 |
||